A Peanuts Thanksgiving Dinner - Statistics

General Stats
  • This quiz has been taken 30 times
  • The average score is 3 of 5
Answer Stats
Food Item % Correct
Popcorn
88%
Buttered Toast
84%
Jelly Beans
64%
Pretzels
52%
Strawberry Sundae
24%
No matching quizzes found
Score Distribution
Percent of People with Each Score
Percentile by Number Answered
Your Score History
You have not taken this quiz